Normal view
MARC view
Entry Topical Term
001 - CONTROL NUMBER
- control field: 29157
003 - CONTROL NUMBER IDENTIFIER
- control field: OSt
005 - DATE AND TIME OF LATEST TRANSACTION
- control field: 20260615113153.0
008 - FIXED-LENGTH DATA ELEMENTS
- fixed length control field: 260615|| aca||aabn | a|a d
040 ## - CATALOGING SOURCE
- Original cataloging agency: OSt
- Transcribing agency: OSt
150 ## - HEADING--TOPICAL TERM
- Topical term or geographic name entry element: Science -Study and Teaching(Elementary)
670 ## - SOURCE DATA FOUND
- Source citation: Work cat.: (OSt)24265: Ansberry Karen and Emily morgan 29156, Expanded 2nd Edition Picture-Perfect Science Lessons: Using children Books to guide Inquiry, 3-6, 2010
